|
|
|
|
| LEADER |
00000nab a2200000 a 4500 |
| 001 |
vtls000481729 |
| 003 |
SK-MaSNL |
| 005 |
20260426064107.0 |
| 008 |
230127c1993 xo 0 slo |
| 015 |
|
|
|a SNBRB19rr/mm-uuuuu
|
| 035 |
|
|
|a CL0481864
|
| 035 |
|
|
|a (urnnbn)urn:nbn:sk:snk:ar-002a7g
|
| 035 |
|
|
|a (uuid)aaa8d32e-e52b-4835-9048-9dfde3f76672
|
| 035 |
|
|
|a urn:nbn:sk:snk-ab7rgd
|
| 040 |
|
|
|a SNKBUCL
|b slo
|c SNKBUCL
|e AACR2
|
| 041 |
0 |
|
|a slo
|
| 044 |
|
|
|a xo
|c SK
|
| 080 |
|
|
|a 783
|2 1981
|
| 080 |
|
|
|a 246.8
|2 1981
|
| 080 |
|
|
|a 904:726.54
|2 1981
|
| 080 |
|
|
|a 264-031
|2 1981
|
| 080 |
|
|
|a 271.5
|2 1981
|
| 100 |
1 |
|
|a Bartová, Jana,
|d 1964-
|4 aut
|9 217632
|
| 245 |
1 |
0 |
|a Hudobná história bratislavského jezuitského kostola
|c Jana Kalinayová, Alexandra Tauberová
|
| 300 |
|
|
|b Obr. 5, lit. 8 zázn. v maď., nem., slov.
|
| 610 |
|
7 |
|a Kostol Najsvätejšieho Spasiteľa (Bratislava, Slovensko)
|2 snkbucl
|9 429741
|
| 610 |
2 |
7 |
|a Jezuiti
|2 snkbucl
|9 30953
|
| 650 |
0 |
7 |
|a cirkevná hudba
|2 snkbucl
|9 1748
|
| 651 |
|
7 |
|a Bratislava (Slovensko)
|2 SNKPHgeo
|9 14568
|
| 655 |
|
7 |
|a články z novín a časopisov
|2 snkbucl
|9 267496
|
| 700 |
1 |
|
|a Tauberová, Alexandra
|4 aut
|9 219065
|
| 773 |
0 |
|
|t Pamiatky a múzeá
|g Č. 2 (1993), s. 11-13
|
| 850 |
|
|
|a Slovenská národná knižnica v Martine
|a MTA001
|
| 852 |
|
|
|a SNK
|b KIS3GCP
|
| 954 |
|
|
|a odborná, vedecká literatúra pôvodná (slovenská)
|2 lita
|
| 957 |
|
|
|a 5100
|
| 958 |
|
|
|a NB
|
| 958 |
|
|
|a RK
|
| 958 |
|
|
|a OND
|
| 958 |
|
|
|a EUIPO
|
| 958 |
|
|
|a article9
|
| 992 |
|
|
|a RBX
|
| 999 |
|
|
|c 2575674
|d 2577604
|